A course module for teaching learners with developmental disabilities/ (Record no. 8511)

MARC details
000 -LEADER
fixed length control field 00786nam a22002297a 4500
003 - CONTROL NUMBER IDENTIFIER
control field OSt
005 - DATE AND TIME OF LATEST TRANSACTION
control field 20260224030112.0
008 - FIXED-LENGTH DATA ELEMENTS--GENERAL INFORMATION
fixed length control field 260224b |||||||| |||| 00| 0 eng d
020 ## - INTERNATIONAL STANDARD BOOK NUMBER
International Standard Book Number 978-621-04-2167-5
040 ## - CATALOGING SOURCE
Original cataloging agency DWC-Main lib
Transcribing agency OC
082 ## - DEWEY DECIMAL CLASSIFICATION NUMBER
Classification number Fil. 371.9 C861 2021
100 ## - MAIN ENTRY--PERSONAL NAME
Personal name Manuel, Sheena Jade G.
245 ## - TITLE STATEMENT
Title A course module for teaching learners with developmental disabilities/
Statement of responsibility, etc. Sheena Jade G. Manuel
260 ## - PUBLICATION, DISTRIBUTION, ETC.
Place of publication, distribution, etc. Manila, Philippines:
Name of publisher, distributor, etc. Rex Book Store,
Date of publication, distribution, etc. c2021.
300 ## - PHYSICAL DESCRIPTION
Extent vi,
Other physical details 228 pages;
Dimensions 25 cm.
504 ## - BIBLIOGRAPHY, ETC. NOTE
Bibliography, etc. note Includes bibliographical references and index.<br/>
650 ## - SUBJECT ADDED ENTRY--TOPICAL TERM
Topical term or geographic name entry element 1. Special needs education.
700 ## - ADDED ENTRY--PERSONAL NAME
Personal name Tina Amor Villapando-Buhat
700 ## - ADDED ENTRY--PERSONAL NAME
Personal name Armida Roncales Tecson
700 ## - ADDED ENTRY--PERSONAL NAME
Personal name Isabelle S. Sibayan
942 ## - ADDED ENTRY ELEMENTS (KOHA)
Source of classification or shelving scheme Dewey Decimal Classification
Koha item type Book-Filipiniana
Call number prefix Fil.
Suppress in OPAC No
952 ## - LOCATION AND ITEM INFORMATION (KOHA)
--
Holdings
Withdrawn status Lost status Source of classification or shelving scheme Damaged status Not for loan Home library Current library Shelving location Date acquired Source of acquisition Cost, normal purchase price Total Checkouts Full call number Barcode Date last seen Copy number Price effective from Koha item type Uniform Resource Identifier
    Dewey Decimal Classification     College Library College Library Filipiniana 10/12/2025 School Fund 315.00   Fil. 371.9 C861 2021 CL54597 02/24/2026 c1 02/24/2026 BK - FIL